000 00734nam a2200289Ia 4500
005 20260324141158.0
008 008 260324s9999 xx 000 0 eng d
020 _a9780429070884
037 _aEBOOK
040 _aCRL
040 _beng
040 _cCRL
041 _2eng
041 _aeng
084 _qCRL
100 _a Berggren; Wang Pingxian
_91207219
245 0 _aMarine Geology and Palaeoceanography
245 0 _bProceedings of the 30th International Geological Congress, Volume 13
260 _bTaylor and Francis
260 _c1997
365 _a
365 _b275
856 _uhttp://www.taylorfrancis.com/books/9780429070884
942 _cEBOOK
999 _c1810026
_d1810026